| 000 | 00927nam a2200265 a 4500 | ||
|---|---|---|---|
| 001 | 000022285 | ||
| 003 | OSt | ||
| 005 | 20201125145028.0 | ||
| 008 | 100921s1980 dr 000 0 spa d | ||
| 020 | _a8449935903 | ||
| 040 |
_aDO-SdBNP _bspa _cBNPHU |
||
| 082 |
_a304.809 _bV648t |
||
| 245 | 0 | 3 |
_aLa vida en los trópicos / _cprólogo Richard Kimball. |
| 260 |
_aSanto Domingo : _bSociedad Dominicana de Bibliófilos, _bEditora de Santo Domingo, _c1980. |
||
| 300 |
_a221 p. ; _c24 cm. |
||
| 490 | 1 | _aCultura dominicana | |
| 590 | _aInventariado, 2018/VM | ||
| 650 | 4 |
_aAmericanos en república dominicana _xVida social y costumbres _946042 |
|
| 650 | 4 |
_aEtnología _zRepública Dominicana _96407 |
|
| 651 | 4 |
_aRepública Dominicana _xVida Social Y Costumbres _9405 |
|
| 700 | 1 |
_aKimball, Richard, _946043 _eprólogo |
|
| 830 | 0 |
_aCultura dominicana _91708 |
|
| 910 | _aValidado. Control de calidad EMS | ||
| 942 |
_2ddc _cLBS1 |
||
| 999 |
_c21783 _d21783 |
||